Nicaragua: national and regional accords benefit elections
Informe sobre dos eventos políticos en Centroamérica que favorecerían el proceso electoral en Nicaragua: 1.- la quinta cumbre de presidentes centroamericanos en Tela, que produjo un voto de confianza al gobierno nicaragüense y 2.- un pacto político de profundas dimensiones entre el FSLN y la Oposici...
Zapisane w:
| Format: | Książka |
|---|---|
| Język: | English |
| Hasła przedmiotowe: | |
| Etykiety: |
Dodaj etykietę
Nie ma etykietki, Dołącz pierwszą etykiete!
|
MARC
| LEADER | 00000nam a22000007a 4500 | ||
|---|---|---|---|
| 003 | cru CIDCACS/IIS | ||
| 005 | 20200513105109.0 | ||
| 008 | 200513s1989 wau|||p|r||||||0| ||eng|d | ||
| 999 | |c 43131 |d 43131 | ||
| 040 | |c cru CIDCACS/IIS | ||
| 245 | |a Nicaragua: |b national and regional accords benefit elections | ||
| 300 | |a páginas 1 y 5 | ||
| 520 | |a Informe sobre dos eventos políticos en Centroamérica que favorecerían el proceso electoral en Nicaragua: 1.- la quinta cumbre de presidentes centroamericanos en Tela, que produjo un voto de confianza al gobierno nicaragüense y 2.- un pacto político de profundas dimensiones entre el FSLN y la Oposición Nicaragüense. El artículo examina las consecuencias de ambos eventos en la política interna de ese país; asimismo retoma los principales puntos de los acuerdos en cuestión. De vital importancia para el proceso electoral es la participación de delegados de la Organización de Estados Americanos (OEA) y de las Naciones Unidas, a través de una Comisión Internacional de Apoyo y Verificación. AB/MR | ||
| 650 | 0 | |9 306 |a ELECCIONES | |
| 650 | 0 | |9 3366 |a GRUPOS DE INTERESES | |
| 650 | 0 | |9 3693 |a OPOSICION POLITICA | |
| 650 | 4 | |9 3207 |a PARTICIPACION POLITICA | |
| 650 | 0 | |9 413 |a PARTIDOS POLITICOS | |
| 650 | 4 | |9 3216 |a INTEGRACION POLITICA | |
| 651 | 0 | |9 1861 |a NICARAGUA | |
| 773 | 0 | |0 43130 |9 4584 |d Washington: Washington Office on Latin America |o MFN: 0525 |t Latin America Update / |x 0738601X | |
| 942 | |2 ddc |c PP | ||
